000 00680nam a22001937a 4500
999 _c58875
_d58875
005 20221012150817.0
008 221012s2019ge xxu||||| |||| 00| 0 ger d
020 _a 9783126071604
080 _a811.112.2'373 P-64
100 _aPilaski, Anna.
_915287
245 _a Netzwerk neu :
_bA1. Lehrerhandbuch /
_cAnna Pilaski, Katja Wirth.
264 _aStuttgart:
_bErnst Klett Sprachen,
_c2019.
300 _a 136 p.:
_b29 cm.
_c 4 Audio-CDs, + 1 Video-DVD
440 _a Deutsch als Fremdsprache
_915297
653 _a Netzwerk neu : A1. Lehrerhandbuch
653 _aგერმანული ლექსიკა
700 _aWirth, Katja.
_eAuthor
_915288
942 _2udc
_cBK